| Tag |
First Indicator |
Second Indicator |
Subfields |
| LEADER |
00000cgm a2200000 a 4500 |
| 001 |
in00002016178 |
| 005 |
20151031153459.0 |
| 007 |
vd cvaizu |
| 008 |
041215p20031988enk053 g vleng d |
| 028 |
4 |
3 |
|a FFH 1772
|b Films for the Humanities
|
| 040 |
|
|
|a TXA
|c TXA
|d UtOrBLW
|
| 043 |
|
|
|a e-uk-en
|
| 049 |
|
|
|a TXAM
|
| 090 |
|
|
|a ML286.8.L5
|b M87 2003
|
| 245 |
0 |
4 |
|a The musical capital /
|c Granada Television International ; producer, Tony Cash ; directed by Bob Bee ; written and presented by Bamber Gascoigne.
|
| 246 |
1 |
|
|i Title on container and disc surface:
|a London :
|b the musical capital
|
| 264 |
|
1 |
|a Princeton, NJ :
|b Films for the Humanities,
|c [2003]
|
| 300 |
|
|
|a 1 DVD-video (53 min.) :
|b sound, color ;
|c 4 3/4 in.
|
| 336 |
|
|
|a two-dimensional moving image
|b tdi
|2 rdacontent
|
| 337 |
|
|
|a video
|b v
|2 rdamedia
|
| 338 |
|
|
|a videodisc
|b vd
|2 rdacarrier
|
| 490 |
1 |
|
|a Man and music.
|a Georgian London
|
| 538 |
|
|
|a DVD.
|
| 508 |
|
|
|a Set and costumes designed by Terence Emery ; rostrum camera, Ivor Richardson ; film editors, Alan Tyrer, Nicholas Keen.
|
| 500 |
|
|
|a Videodisc release of the 1989 production.
|
| 520 |
|
|
|a Toward the end of the 18th century, the baroque gave way to the classical in music. J.C. Bach ("the English Bach") was a London fixture; audiences were growing, and a new form, the symphony, was emerging. Haydn, a master of the symphony, made two extended trips to London. After his departure in 1795, however, it would be another century before internationally significant music was composed in London again.
|
| 505 |
2 |
|
|a Sections of: Symphony Op. 18 #2 / J.C. Bach -- "Glorious Apollo," "My pocket's low and taxes high" / Samuel Webbe -- Sonata Op. 24 #2 / Clementi -- "Mermaid's song" ; Symphony #104, first movement / Haydn.
|
| 500 |
|
|
|a Videorecording.
|
| 650 |
|
0 |
|a Music
|z England
|z London
|y 18th century
|x History and criticism.
|
| 650 |
|
0 |
|a Composers
|z England
|v Biography.
|
| 655 |
|
7 |
|a Documentary television programs.
|2 lcgft
|
| 700 |
1 |
|
|a Bee, Bob.
|
| 700 |
1 |
|
|a Gascoigne, Bamber.
|
| 700 |
1 |
|
|a Bach, Johann Christian,
|d 1735-1782.
|
| 700 |
1 |
|
|a Webbe, Samuel,
|d 1740-1816.
|
| 700 |
1 |
|
|a Clementi, Muzio,
|d 1752-1832.
|
| 700 |
1 |
|
|a Haydn, Joseph,
|d 1732-1809.
|t Works.
|k Selections.
|
| 710 |
2 |
|
|a Granada Television International.
|
| 710 |
2 |
|
|a Films for the Humanities (Firm)
|
| 830 |
|
0 |
|a Man and music (DVD videodiscs).
|p Georgian London.
|
| 945 |
|
|
|a DVD temp.
|
| 948 |
|
|
|a cataloged
|b h
|c 2004/12/15
|d c
|e mphillip
|f 7:05:13 pm
|
| 999 |
|
|
|a MARS
|
| 999 |
f |
f |
|s 8e2a3739-4f95-30a5-a2db-ed943475fec0
|i 83515a0d-bea7-3e66-b61e-43de015a38ff
|t 0
|
| 952 |
f |
f |
|p ric
|a Texas A&M University
|b Rellis Campus
|c Joint Library Facility
|d Remote Storage
|t 0
|e ML286.8.L5 M87 2003
|h Library of Congress classification
|i video -- videodisc
|m A14832518222
|
| 998 |
f |
f |
|a ML286.8.L5 M87 2003
|t 0
|l Remote Storage
|